Fragrance Quiz - Statistics

General Stats
  • This quiz has been taken 481 times
  • The average score is 7 of 13
Answer Stats
Picture Answer % Correct
Versace Dylan Blue
83%
Erba pura
82%
Le Male Elixir
81%
Bad Boy
76%
Azzaro The most wanted Parfum
65%
MontBlanc Explorer
63%
Layton Parfums de Marly
56%
Versace Pour Homme
52%
Polo Green
47%
Phantom
45%
Givenchy Gentleman Society
34%
Invictus Elixir
23%
Lacoste Blanc
13%
No matching quizzes found
Score Distribution
Percent of People with Each Score
Percentile by Number Answered
Your Score History
You have not taken this quiz